000 00301nam a22001337a 4500
008 171207b xxu||||| |||| 00| 0 eng d
020 _a9781559349444
041 _aeng
080 _23 ED
_a32
100 _a20
101 _aPOL
245 _aTHE WESTERN HUMANITIES
_cMATTHEWS.R.T
942 _2udc
_cBK
999 _c38803
_d38803